000
00287nam a22001337a 4500
008
181012b xxu||||| |||| 00| 0 eng d
020
_a
9781285168432
041
_a
eng
080
_a
004
100
_a
28
101
_a
SHKI
245
_a
Microsoft Excel 2013
_c
Freund
942
_2
udc
_c
BK
999
_c
49564
_d
49564